Normal view
MARC view
- MCE (D)
Entry Topical Term
001 - CONTROL NUMBER
- control field: 38191
003 - CONTROL NUMBER IDENTIFIER
- control field: NUST
005 - DATE AND TIME OF LATEST TRANSACTION
- control field: 20210314130610.0
008 - FIXED-LENGTH DATA ELEMENTS
- fixed length control field: 210314|| aca||aabn | a|a d
040 ## - CATALOGING SOURCE
- Original cataloging agency: NUST
- Transcribing agency: NUST
150 ## - HEADING--TOPICAL TERM
- Topical term or geographic name entry element: MCE (D)
670 ## - SOURCE DATA FOUND
- Source citation: Work cat.: (NUST): workshop on goals and indicators for monitoring and evaluation for water supply and sanitation, june 25-29, 1990
